000 00369cam a22001217a 4500
008 180718b1989 xxu||||| |||| 00| 0 eng d
082 _aT2x5451 M969
100 _aMurthy, Bevv Narasiamha
245 _aEnterpreneurship in small towns
_cBevv Narasiamha Murthy
260 _aNew Delhi
_bMittal
_c1989
300 _axvii, 260
650 _aEntrepreneur - India- Andhra Pradesh
999 _c411822
_d411822